000
00297nam a2200109Ia 4500
008
230822s2013 xx 000 0 und d
041
_a
eng
100
_a
KRISHEN P.
245
_a
JUNGLE TREES OF CENTRAL INDIA, A FIELD GUIDE FOR TREE SPOTTERS.
260
_b
PENGUIN BOOKS LTD
_c
2013
300
_a
400
999
_c
861046
_d
861046